ARRUPE JESUIT UNIVERSITY

CORONAVIRUS -STOP THE SPREAD - CLEAN,DISINFECT,COVER

Regulating the poor: (Record no. 125163)

MARC details
000 -LEADER
fixed length control field 00864cam a2200277 4500
001 - CONTROL NUMBER
control field 293029
003 - CONTROL NUMBER IDENTIFIER
control field ARRUPE
005 - DATE AND TIME OF LATEST TRANSACTION
control field 20160830114755.0
008 - FIXED-LENGTH DATA ELEMENTS--GENERAL INFORMATION
fixed length control field 710702s1971 nyu b 001 0 eng
010 ## - LIBRARY OF CONGRESS CONTROL NUMBER
LC control number 70135368
020 ## - INTERNATIONAL STANDARD BOOK NUMBER
International Standard Book Number 0394460383
040 ## - CATALOGING SOURCE
Original cataloging agency DLC
Transcribing agency DLC
Modifying agency DLC
043 ## - GEOGRAPHIC AREA CODE
Geographic area code n-us---
050 00 - LIBRARY OF CONGRESS CALL NUMBER
Classification number HV95
Item number .P57
082 00 - DEWEY DECIMAL CLASSIFICATION NUMBER
Classification number 361.6/0973
Edition number 19
300 ## - PHYSICAL DESCRIPTION
Dimensions 22 cm.
100 1# - MAIN ENTRY--PERSONAL NAME
Personal name Piven, Frances Fox.
9 (RLIN) 25554
245 10 - TITLE STATEMENT
Title Regulating the poor:
Remainder of title the functions of public welfare
Statement of responsibility, etc /Frances Fox Piven and Richard A. Cloward.
260 ## - PUBLICATION, DISTRIBUTION, ETC. (IMPRINT)
Place of publication, distribution, etc New York,
Name of publisher, distributor, etc Pantheon Books
Date of publication, distribution, etc 1971
300 ## - PHYSICAL DESCRIPTION
Extent xvii, 389 p.
350 ## - PRICE (NR) (BK AM CF MU VM SE) [OBSOLETE]
Price $10.00
504 ## - BIBLIOGRAPHY, ETC. NOTE
Bibliography, etc Includes bibliographical references.
650 #0 - SUBJECT ADDED ENTRY--TOPICAL TERM
Topical term or geographic name as entry element Public welfare
Geographic subdivision United States.
9 (RLIN) 25555
700 1# - ADDED ENTRY--PERSONAL NAME
Personal name Cloward, Richard A.,
Relator term joint author.
9 (RLIN) 25556
906 ## - LOCAL DATA ELEMENT F, LDF (RLIN)
a 7
b cbc
c orignew
d 2
e ncip
f 19
g y-gencatlg
942 ## - ADDED ENTRY ELEMENTS (KOHA)
Source of classification or shelving scheme Library of Congress Classification
Koha item type Monograph ( Printed materials)
Holdings
Withdrawn status Lost status Source of classification or shelving scheme Damaged status Not for loan Collection code Home library Current library Shelving location Date acquired Total Checkouts Full call number Barcode Date last seen Price effective from Koha item type
    Library of Congress Classification     Main Collection ARRUPE LIBRARY ARRUPE LIBRARY Main Collection 30/08/2016   HV95 .P57 46500010280 30/04/2018 30/08/2016 Monograph ( Printed materials)

 

Arrupe Library. PO Box MP320 Mt Pleasant, Harare, Zimbabwe
263 242 745411|librarian@aju.ac.zw